000 00529cam a2200193 a 4500
001 000001277
003 DO-SdBNP
005 20251203091641.0
008 790321s1978 ch a 001 0 eng
040 _aDO-SdBNP
_bspa
_cBNPHU
049 _aBNGR
082 4 _a782.10951
_bG297s
_222
100 1 _aGee, Tom,
_d1971-
_94329
245 1 0 _aStories of Chinese opera /
_cTom Gee.
260 _aChina :
_bLiberal Arts Press,
_cc1978.
300 _axxii, 413, xxxviii p. :
_bil. ;
_c24 cm.
650 0 _aÓpera
_92832
942 _2ddc
_cLBS1
999 _c1220
_d1220